Sống đẹp : Những câu chuyện bổ ích

Sưu tầm, tuyển chọn những mẩu chuyện sinh động về các phẩm chất đạo đức của con người, về lối sống đẹp, có ích đối với bản thân, gia đình và xã hội

محفوظ في:
التفاصيل البيبلوغرافية
التنسيق: كتاب
اللغة:Undetermined
منشور في: Hà Nội Giáo dục Việt Nam 2014
الموضوعات:
الوسوم: إضافة وسم
لا توجد وسوم, كن أول من يضع وسما على هذه التسجيلة!
Thư viện lưu trữ: Trung tâm Học liệu Trường Đại học Cần Thơ
LEADER 00880nam a2200205Ia 4500
001 CTU_207603
008 210402s9999 xx 000 0 und d
020 |c 38000 
082 |a 158.1 
082 |b S455/T.7 
245 0 |a Sống đẹp : 
245 0 |b Những câu chuyện bổ ích 
245 0 |c Lê Thanh Sử, Thúy Hằng (Tuyển chọn, biên soạn) 
260 |a Hà Nội 
260 |b Giáo dục Việt Nam 
260 |c 2014 
520 |a Sưu tầm, tuyển chọn những mẩu chuyện sinh động về các phẩm chất đạo đức của con người, về lối sống đẹp, có ích đối với bản thân, gia đình và xã hội 
650 |a Applied psychology,Tâm lý học ứng dụng 
904 |i Tuyến 
980 |a Trung tâm Học liệu Trường Đại học Cần Thơ